000 00792nam a2200205Ii 4500
003 JO-AjNU
008 230605s9999||||xx |||||||||||||| ||und||
040 _aJO-AjNU
_bara
_erda
_cJO-AjNU
041 _aara
050 1 4 _aBP173.758.S52 2007
100 3 _aشبير، محمد عثمان,
_eauthor
_930596
245 0 0 _aالمعاملات المالية المعاصرة في الفقه الإسلامي
250 _aط6
264 3 1 _aعمان: دار النفائس للنشر والتوزيع، 2007
300 _a399ص
_bالمراجع العربية (ص379-389)
336 _atext
_btxt
_2rdacontent
337 _aunmediated
_bn
_2rdamedia
338 _avolume
_bnc
_2rdacarrier
650 4 _aالمعاملات- البنوك الاسلامية- الاسلام والاقتصاد
_930597
999 _aA12147
_c15715
_d15715